LEADER 01742oam 2200457zu 450 001 9910485352303321 005 20210721054541.0 010 $a1-4677-5757-8 035 $a(CKB)2550000001339648 035 $a(SSID)ssj0001510979 035 $a(PQKBManifestationID)11861435 035 $a(PQKBTitleCode)TC0001510979 035 $a(PQKBWorkID)11527848 035 $a(PQKB)10137925 035 $a(MiAaPQ)EBC5442284 035 $a(Au-PeEL)EBL5442284 035 $a(OCoLC)904046246 035 $a(EXLCZ)992550000001339648 100 $a20160829d2014 uy 101 0 $aeng 135 $aurcnu|||||||| 181 $ctxt 182 $cc 183 $acr 200 04$aThe Red Badge of Courage: An Episode of the American Civil War 210 31$a[Place of publication not identified]$cFirst Avenue Editions Imprint$d2014 215 $a1 online resource (166 pages) 225 1 $aFirst Avenue Classics (tm) Ser. 300 $aBibliographic Level Mode of Issuance: Monograph 311 $a1-322-01625-9 327 $aCover -- Title Page -- Copyright Info -- Table Of Contents -- Chapter 1 -- Chapter 2 -- Chapter 3 -- Chapter 4 -- Chapter 5 -- Chapter 6 -- Chapter 7 -- Chapter 8 -- Chapter 9 -- Chapter 10 -- Chapter 11 -- Chapter 12 -- Chapter 13 -- Chapter 14 -- Chapter 15 -- Chapter 16 -- Chapter 17 -- Chapter 18 -- Chapter 19 -- Chapter 20 -- Chapter 21 -- Chapter 22 -- Chapter 23 -- Chapter 24 -- Back Cover. 410 0$aFirst Avenue Classics (tm) Ser. 608 $aElectronic books. 676 $aFIC 700 $aCrane$b Stephen$0306804 702 $aCrane$b Stephen 801 0$bPQKB 906 $aBOOK 912 $a9910485352303321 996 $aRed badge of courage$931412 997 $aUNINA